Tous les départements ayant un Villefranche - Statistiques

Statistiques générales
  • Ce quiz a été pris 24 fois
  • Le résultat moyen est 9 sur 12
Statistiques - réponses
Commune Département % Correct
Villefranche-sur-Saône Rhône
96%
Villefranche-d'Albigeois Tarn
92%
Villefranche-d'Allier Allier
88%
Villefranche-sur-Cher Loir-et-Cher
88%
Villefranche-sur-Mer Alpes-Maritimes
83%
Villefranche-de-Panat Aveyron
79%
Villefranche-de-Lauragais Haute-Garonne
79%
Villefranche-de-Lonchat Dordogne
71%
Villefranche-d'Astarac Gers
71%
Villefranche-du-Queyran Lot-et-Garonne
67%
Villefranche-de-Conflent Pyrénées-Orientales
63%
Villefranche-le-Château Drôme
46%
Aucun quiz correspondant
Distribution des résultats
% des personnes avec chaque résultat
Percentile par nombre de réponses
Votre historique - résultats
Vous n’avez pas pris ce quiz